[Event "TCh-RUS Women 2015"]
[Site "Sochi RUS"]
[Date "2015.05.07"]
[Round "7.3"]
[Board "3"]
[White "Tomilova, Elena"]
[Black "Khazieva, Elza"]
[Result "1-0"]
[WhiteTitle "WIM"]
[BlackTitle "WFM"]
[WhiteElo "2292"]
[BlackElo "2074"]
[WhiteTeam "Boavista (Moscow)"]
[BlackTeam "Rook (Kazan)"]
[WhiteFideId "4162340"]
[BlackFideId "4100166"]
[EventDate "2015.05.01"]

1. e4 e6 2. d4 d5 3. Nc3 dxe4 4. Nxe4 Nd7 5. Nf3 Ngf6 6. Nxf6+ Nxf6 7. Bg5 Be7
8. Bd3 c5 9. dxc5 Qa5+ 10. c3 Qxc5 11. O-O O-O 12. Qe2 Rd8 13. Rad1 h6 14. Bc1
b6 15. Ne5 Bd6 16. Ng4 Nxg4 17. Qxg4 Qe5 18. Qh4 Bb7 19. Rfe1 Qa5 20. Bxh6 gxh6
21. Qxh6 Rd7 22. Bh7+ Kh8 23. Rxd6 1-0

[Event "TCh-RUS Women 2015"]
[Site "Sochi RUS"]
[Date "2015.05.07"]
[Round "7.3"]
[Board "4"]
[White "Belova, Olga"]
[Black "Drozdova, Dina"]
[Result "1/2-1/2"]
[WhiteTitle "WFM"]
[BlackTitle "WIM"]
[WhiteElo "2013"]
[BlackElo "2211"]
[WhiteTeam "Rook (Kazan)"]
[BlackTeam "Boavista (Moscow)"]
[WhiteFideId "4138422"]
[BlackFideId "4170695"]
[EventDate "2015.05.01"]

1. e4 d6 2. d4 Nf6 3. Nc3 e5 4. Nf3 Nbd7 5. Bc4 Be7 6. O-O O-O 7. a4 c6 8. Re1
exd4 9. Nxd4 d5 10. exd5 Nb6 11. Be2 Nbxd5 12. Nxd5 Nxd5 13. Bf3 Bf6 14. c3 a6
15. Be4 Re8 16. Bd2 Bxd4 17. cxd4 Be6 18. Bc3 Nf6 19. Bf3 Bd5 20. Re5 Qd7 21. h3
Bxf3 22. Qxf3 Nd5 23. Rae1 f6 24. R5e4 Rxe4 25. Qxe4 Rf8 26. Bd2 Rf7 27. Qf3 Re7
28. Re4 Rxe4 29. Qxe4 Nc7 30. Be3 Ne6 31. Qf5 Qd6 32. h4 Qd7 33. h5 Qd5 34. Qxd5
cxd5 35. Kf1 f5 36. g3 Kf7 37. Ke2 Kf6 38. Kf3 Ng5+ 39. Kf4 Ne4 40. f3 Nd6 41.
Bd2 Nc4 42. Bc3 Nd6 43. Bb4 Nf7 44. g4 g6 45. hxg6 hxg6 46. b3 fxg4 47. fxg4 Nd8
48. Bc3 Ne6+ 49. Kg3 Ng5 50. Ba5 Ne6 51. Bc3 Kf7 52. Kf3 Kg7 53. Kg3 Kf6 54. Kf3
b5 55. axb5 axb5 56. Kg3 Nd8 57. Bb4 Nc6 58. Bc5 Na5 59. b4 Nb3 60. Kf4 Nd2 61.
Bb6 Ne4 62. Bc5 Nc3 63. Bb6 Ne2+ 64. Ke3 Nc3 65. Kf3 Ne4 66. Bc5 Ke6 67. Kf4 1/2-1/2

[Event "TCh-RUS Women 2015"]
[Site "Sochi RUS"]
[Date "2015.05.07"]
[Round "7.4"]
[Board "1"]
[White "Ushenina, Anna"]
[Black "Sergeeva, Natalia"]
[Result "1-0"]
[WhiteTitle "GM"]
[WhiteElo "2486"]
[BlackElo "2079"]
[WhiteTeam "Yugra (Khanty)"]
[BlackTeam "Kuban (Krasnodar region)"]
[WhiteFideId "14110911"]
[BlackFideId "4117743"]
[EventDate "2015.05.01"]

1. Nf3 Nf6 2. c4 e6 3. Nc3 d5 4. d4 c6 5. e3 Bd6 6. Bd3 dxc4 7. Bxc4 Nbd7 8. O-O
O-O 9. Qc2 Qe7 10. h3 h6 11. Bb3 Rd8 12. Bd2 c5 13. Rfe1 a6 14. Ne4 Nxe4 15.
Qxe4 Rb8 16. Bc2 Nf6 17. Qh4 Nd5 18. Qxe7 Nxe7 19. dxc5 Bxc5 20. Bc3 Bd7 21. Ne5
Be8 22. Rec1 Rbc8 23. Be4 Nd5 24. Bxd5 exd5 25. Rd1 f6 26. Nd3 Bb6 27. Nf4 Bf7
28. Rd2 Rc6 29. Rad1 d4 30. exd4 Bxa2 31. d5 Rcc8 32. d6 Rd7 33. Bb4 Bf7 34. Nd5
Bxd5 35. Rxd5 Kf7 36. g4 Re8 37. R1d2 Re4 38. Ba3 Ke6 39. Kg2 Re1 40. f4 g6 41.
f5+ Kf7 42. Rc2 g5 43. Rdd2 Bd8 44. Re2 Rd1 45. Rcd2 Ra1 46. Rc2 Rd1 47. Kf3
Rd3+ 48. Re3 Rd4 49. Rc8 Rd1 50. Rb8 Rd5 51. Rc3 Rd1 52. Rb3 b6 53. Rc3 Rd5 54.
Rcc8 Ke8 55. Rxb6 Rd3+ 56. Ke4 Rxh3 57. Rbb8 Rh2 58. Kd5 h5 59. gxh5 Rxh5 60.
Ke6 Rh2 61. Rxd8+ Rxd8 62. d7# 1-0

[Event "TCh-RUS Women 2015"]
[Site "Sochi RUS"]
[Date "2015.05.07"]
[Round "7.4"]
[Board "2"]
[White "Yakimenko, Viktoria"]
[Black "Pogonina, Natalija"]
[Result "0-1"]
[BlackTitle "WGM"]
[WhiteElo "2092"]
[BlackElo "2456"]
[WhiteTeam "Kuban (Krasnodar region)"]
[BlackTeam "Yugra (Khanty)"]
[WhiteFideId "24174998"]
[BlackFideId "4147855"]
[EventDate "2015.05.01"]

1. e4 e5 2. Nf3 Nc6 3. Bb5 a6 4. Ba4 Nf6 5. O-O b5 6. Bb3 Bb7 7. d3 Be7 8. Re1
O-O 9. a4 d6 10. c3 Na5 11. Bc2 c5 12. Nbd2 Re8 13. Nf1 Qc7 14. Ng3 Bf8 15. Bg5
Nd7 16. d4 exd4 17. cxd4 b4 18. Bf4 g6 19. dxc5 Nxc5 20. e5 b3 21. Bb1 Bxf3 22.
Qxf3 dxe5 23. Nh5 Nd7 24. Bg5 Nc6 25. Qxb3 gxh5 26. Qc2 e4 27. Rxe4 Bg7 28.
Rxe8+ Rxe8 29. Qxh7+ Kf8 30. Bd3 Nf6 31. Qf5 Nd4 32. Qa5 Qxa5 0-1

[Event "TCh-RUS Women 2015"]
[Site "Sochi RUS"]
[Date "2015.05.07"]
[Round "7.4"]
[Board "3"]
[White "Guseva, Marina"]
[Black "Yakimenko, Anastasia"]
[Result "1-0"]
[WhiteTitle "IM"]
[WhiteElo "2379"]
[BlackElo "2080"]
[WhiteTeam "Yugra (Khanty)"]
[BlackTeam "Kuban (Krasnodar region)"]
[WhiteFideId "4149351"]
[BlackFideId "24174980"]
[EventDate "2015.05.01"]

1. d4 Nf6 2. c4 e6 3. Nc3 Bb4 4. Qc2 c5 5. dxc5 Bxc5 6. Nf3 h6 7. Bf4 Na6 8. a3
b6 9. Rd1 Bb7 10. e3 O-O 11. Be2 Qc8 12. O-O Nc7 13. Rc1 Rd8 14. Qb1 Bf8 15.
Rfd1 Nh5 16. Bd6 Bxd6 17. Rxd6 Nf6 18. Rd2 Nce8 19. b4 d6 20. Nd4 Qd7 21. e4 Qe7
22. Rcd1 Rac8 23. f3 g6 24. Qb2 Ba8 25. Kh1 Kh7 26. Bf1 Kg8 27. Ndb5 Kh7 28. a4
h5 29. Rd4 a6 30. Na3 Nd7 31. Nc2 Ne5 32. Ne3 h4 33. f4 Nd7 34. Qf2 f5 35. exf5
gxf5 36. h3 Qf6 37. Ne2 Nf8 38. Ng1 Rc7 39. Be2 Rg7 40. Bf3 Ng6 41. Bxa8 Rxa8
42. Nf3 Kg8 43. Qa2 Ne7 44. Qf2 Ng6 45. Qe1 Rc7 46. R1d2 Rd8 47. Ra2 Ng7 48. a5
bxa5 49. Rxa5 Rc6 50. Qa1 Nh5 51. Rxa6 Rcc8 52. Qe1 Qe7 53. b5 Nhxf4 54. Nxf5
Qf8 55. N5xh4 e5 56. Nxg6 Nxg6 57. Rg4 Qf7 58. Nxe5 Re8 59. Rxd6 Rc5 60. Rgxg6+ 1-0

[Event "TCh-RUS Women 2015"]
[Site "Sochi RUS"]
[Date "2015.05.07"]
[Round "7.4"]
[Board "4"]
[White "Demchenko, Alisa"]
[Black "Kovanova, Baira"]
[Result "0-1"]
[BlackTitle "WGM"]
[WhiteElo "1705"]
[BlackElo "2381"]
[WhiteTeam "Kuban (Krasnodar region)"]
[BlackTeam "Yugra (Khanty)"]
[WhiteFideId "34100080"]
[BlackFideId "4164083"]
[EventDate "2015.05.01"]

1. c4 e5 2. Nc3 Nf6 3. g3 d5 4. cxd5 Nxd5 5. Bg2 Nb6 6. Nf3 Nc6 7. O-O Be7 8. d3
O-O 9. Be3 Be6 10. a3 a5 11. Rc1 f5 12. Bxb6 cxb6 13. Nd2 Bg5 14. Nb5 e4 15. f4
exf3 16. Bxf3 Rf7 17. Rc3 Ne5 18. d4 Rd7 19. Qc2 Nc6 20. e3 a4 21. Be2 Ra5 22.
b4 axb3 23. Nxb3 Ra8 24. Nd2 g6 25. Rb1 Qe7 26. Bc4 Kg7 27. Kf2 Re8 28. Qa2 Bxc4
29. Nxc4 h5 30. h4 Bh6 31. Qc2 Qe6 32. a4 Kh7 33. Qb3 f4 34. gxf4 Qg4 35. Rg1
Qxh4+ 36. Rg3 Rde7 37. Qc2 Bxf4 38. Qxg6+ Kh8 39. exf4 Re2+ 40. Kf3 Qh1+ 41. Rg2
Qf1+ 42. Kg3 Rxg2+ 43. Kh4 Rxg6 0-1

[Event "TCh-RUS Women 2015"]
[Site "Sochi RUS"]
[Date "2015.05.07"]
[Round "7.5"]
[Board "1"]
[White "Iljushina, Olga"]
[Black "Utiatskaja, Irina"]
[Result "1/2-1/2"]
[WhiteTitle "WGM"]
[BlackTitle "WFM"]
[WhiteElo "2300"]
[BlackElo "2114"]
[WhiteTeam "Grozny (Chechnya)"]
[BlackTeam "Academy GM IV Glek (Moscow)"]
[WhiteFideId "4152280"]
[BlackFideId "24140848"]
[EventDate "2015.05.01"]

1. d4 Nf6 2. Nf3 e6 3. g3 d5 4. Bg2 Be7 5. O-O O-O 6. c4 dxc4 7. Nbd2 Nc6 8.
Nxc4 Rb8 9. b3 b6 10. Nfe5 Nxe5 11. Nxe5 Bd7 12. Nxd7 Qxd7 13. Bb2 Rfd8 14. Rc1
c5 15. dxc5 Bxc5 16. Bxf6 gxf6 17. Qxd7 Rxd7 18. Rfd1 Rbd8 19. Rxd7 Rxd7 20. Rc2
f5 21. e3 Kg7 22. Kf1 Kf6 23. Ke2 Bb4 24. Bc6 Rc7 25. Rc4 a5 26. Kd3 Ke7 27. f4
f6 28. Bb5 Rxc4 29. Bxc4 Bc5 30. Ba6 Kd6 31. Bc8 Ke7 32. h3 h6 33. Ke2 Kf7 34.
Kf3 Bd6 35. e4 fxe4+ 36. Kxe4 Bb4 37. Kf3 Bd6 38. Ke4 Bb4 39. g4 Bd2 40. h4 Ke7 1/2-1/2

[Event "TCh-RUS Women 2015"]
[Site "Sochi RUS"]
[Date "2015.05.07"]
[Round "7.5"]
[Board "2"]
[White "Alieva, Alexandra"]
[Black "Dordzhieva, Dinara"]
[Result "1/2-1/2"]
[BlackTitle "WIM"]
[WhiteElo "1994"]
[BlackElo "2272"]
[WhiteTeam "Academy GM IV Glek (Moscow)"]
[BlackTeam "Grozny (Chechnya)"]
[WhiteFideId "24133353"]
[BlackFideId "24157570"]
[EventDate "2015.05.01"]

1. e4 c5 2. Nf3 e6 3. c3 d5 4. exd5 Qxd5 5. Na3 Nf6 6. d4 Nc6 7. Nb5 Qd8 8. dxc5
Bxc5 9. Qxd8+ Kxd8 10. Bf4 Nd5 11. O-O-O Ke7 12. Bg3 a6 13. Nbd4 Nxd4 14. Nxd4
b5 15. Nf5+ Kf8 16. Be2 h5 17. Bf3 Bb7 18. Kc2 Kg8 19. Be5 f6 20. Bd4 Bf8 21.
Ng3 h4 22. Ne4 Rc8 23. Kb1 Be7 24. Rhe1 Kf7 25. Nd2 Ba8 26. g3 Rc7 27. Bh1 hxg3
28. hxg3 e5 29. Bxd5+ Bxd5 30. Be3 Rh3 31. Nb3 Be4+ 32. Ka1 f5 33. Rd2 Ke6 34.
f3 Ba8 35. Bf4 Bf6 36. Bxe5 Bxe5 37. Rde2 Kf6 38. Rxe5 Bxf3 39. Re6+ Kg5 40. Nd4
Bb7 41. Rf1 Rf7 42. Ne2 Bd5 43. Rd6 Bc4 44. Nf4 Rh6 45. Rfd1 Rxd6 46. Rxd6 Rf6
47. Rd7 Kh6 48. b3 Bf7 49. Nd3 g5 50. Ne5 Bh5 51. c4 Re6 52. Rd5 bxc4 53. bxc4
f4 54. gxf4 gxf4 55. c5 f3 56. Nxf3 1/2-1/2

[Event "TCh-RUS Women 2015"]
[Site "Sochi RUS"]
[Date "2015.05.07"]
[Round "7.5"]
[Board "3"]
[White "Lingur, Zalina"]
[Black "Leolko, Ludmila"]
[Result "1-0"]
[WhiteTitle "WFM"]
[WhiteElo "2126"]
[BlackElo "1902"]
[WhiteTeam "Grozny (Chechnya)"]
[BlackTeam "Academy GM IV Glek (Moscow)"]
[WhiteFideId "34165670"]
[BlackFideId "24179060"]
[EventDate "2015.05.01"]

1. e4 c5 2. Nf3 d6 3. d4 cxd4 4. Nxd4 Nf6 5. Nc3 g6 6. Be3 Bg7 7. f3 O-O 8. Qd2
Nc6 9. O-O-O d5 10. Kb1 Nxd4 11. e5 Nd7 12. Bxd4 Nxe5 13. Qe1 Nc6 14. Bxg7 Kxg7
15. Nxd5 e5 16. Bb5 Qg5 17. g4 e4 18. Bxc6 exf3 19. Qc3+ f6 20. h3 bxc6 21. Qxc6
Bxg4 22. hxg4 h6 23. Nc7 1-0

[Event "TCh-RUS Women 2015"]
[Site "Sochi RUS"]
[Date "2015.05.07"]
[Round "7.5"]
[Board "4"]
[White "Komissarova, Oksana"]
[Black "Protopopova, Anastasiya"]
[Result "0-1"]
[BlackTitle "WFM"]
[WhiteElo "1975"]
[BlackElo "2093"]
[WhiteTeam "Academy GM IV Glek (Moscow)"]
[BlackTeam "Grozny (Chechnya)"]
[WhiteFideId "24160733"]
[BlackFideId "24172073"]
[EventDate "2015.05.01"]

1. e4 e5 2. Bc4 Nf6 3. d3 c6 4. Nf3 d5 5. Bb3 Bb4+ 6. c3 Bd6 7. Bg5 Be6 8. Nbd2
Nbd7 9. Qe2 Qc7 10. h3 h6 11. Be3 O-O-O 12. O-O-O Kb8 13. Kb1 Rhe8 14. g4 Ng8
15. Nh4 g6 16. f3 Be7 17. Qf2 Nb6 18. Rhf1 c5 19. d4 exd4 20. cxd4 c4 21. Bc2 c3
22. Nb3 cxb2 23. Ng2 Na4 24. Bd2 Rc8 25. Be1 Ba3 26. Ne3 Ne7 27. Qg2 dxe4 28.
fxe4 Bxb3 29. axb3 Nc3+ 30. Bxc3 Qxc3 31. Rd3 Qa5 32. Nc4 Qa6 33. Nxb2 Nc6 34.
Nc4 Nb4 35. Rd2 Rxc4 36. bxc4 Qxc4 37. Ba4 Rc8 38. Qg3+ Ka8 39. Qxa3 Qxf1+ 40.
Rd1 Qc4 41. Rc1 Qxc1+ 42. Qxc1 Rxc1+ 43. Kxc1 Nd3+ 44. Kc2 Nf2 45. Be8 Nxe4 46.
Bxf7 g5 47. Bd5 Nd6 48. Kc3 Kb8 49. Kb4 Kc7 50. Bg2 b6 51. Bf3 a5+ 52. Kb3 b5
53. Bg2 Kb6 54. Bd5 b4 55. Bg2 Nb5 56. Kc4 Nc3 57. Bf3 Nb5 58. Bg2 Nc7 59. Kb3
Ne6 60. Kc4 Nf4 61. Bf1 Kc6 62. d5+ Kd6 63. Kb5 b3 64. Bc4 b2 65. Ba2 Nxd5 66.
Kc4 Nf4 67. Kc3 Nxh3 68. Kxb2 Nf2 0-1